<?xml version="1.0" encoding="UTF-8"?>
<collection xmlns="http://www.loc.gov/MARC21/slim">
<record>
  <controlfield tag="001">118490</controlfield>
  <controlfield tag="005">20220916124052.0</controlfield>
  <datafield tag="037" ind1=" " ind2=" ">
    <subfield code="a">TAZ-TFG-2022-1955</subfield>
  </datafield>
  <datafield tag="041" ind1=" " ind2=" ">
    <subfield code="a">spa</subfield>
  </datafield>
  <datafield tag="100" ind1="1" ind2=" ">
    <subfield code="a">Viñas Perera, Verónica</subfield>
  </datafield>
  <datafield tag="242" ind1="0" ind2="0">
    <subfield code="a">Taxes transferred to the Autonomous regions: the Inheritance and Donations tax</subfield>
  </datafield>
  <datafield tag="245" ind1="0" ind2="0">
    <subfield code="a">Impuestos cedidos a las comunidades autónomas: el caso del Impuesto sobre Sucesiones y donaciones.</subfield>
  </datafield>
  <datafield tag="260" ind1=" " ind2=" ">
    <subfield code="a">Zaragoza</subfield>
    <subfield code="b">Universidad de Zaragoza</subfield>
    <subfield code="c">2022</subfield>
  </datafield>
  <datafield tag="506" ind1=" " ind2=" ">
    <subfield code="a">by-nc-sa</subfield>
    <subfield code="b">Creative Commons</subfield>
    <subfield code="c">3.0</subfield>
    <subfield code="u">http://creativecommons.org/licenses/by-nc-sa/3.0/</subfield>
  </datafield>
  <datafield tag="520" ind1=" " ind2=" ">
    <subfield code="a">El presente trabajo comienza analizando la financiación de las comunidades autónomas en general aunque haciendo mayor hincapié en las pertenecientes al régimen común. Como iré desarrollando, las comunidades tienen diversas fuentes de financiación, no sólo los impuestos cedidos (el grueso del trabajo) sino también de diversos fondos. Después, dentro de este marco teórico hablaremos de los tributos estatales, no sólo los que se ceden, también los que no se ceden a éstas si no que todo lo recaudado se lo queda la AEAT.&lt;br />En el segundo capítulo se explican los impuestos cedidos íntegramente de mayor importancia, éstos son el Impuesto sobre el patrimonio, el Impuesto sobre Transmisiones Patrimoniales y Actos Jurídicos Documentados y el Impuesto sobre Sucesiones y Donaciones. De estos tres impuestos analizaremos los principales elementos tributarios.&lt;br />Y en el último, nos centraremos en el Impuesto de Sucesiones y Donaciones puesto que es uno de los más variables entre las diferentes regiones de España y realizaré una simulación para ver las grandes diferencias que existen entre las Comunidad de Madrid y la de Aragón a la hora de heredar.&lt;br />&lt;br /></subfield>
  </datafield>
  <datafield tag="521" ind1=" " ind2=" ">
    <subfield code="a">Graduado en Administración y Dirección de Empresas</subfield>
  </datafield>
  <datafield tag="540" ind1=" " ind2=" ">
    <subfield code="a">Derechos regulados por licencia Creative Commons</subfield>
  </datafield>
  <datafield tag="700" ind1=" " ind2=" ">
    <subfield code="a">Barberán Lahuerta, Miguel Ángel</subfield>
    <subfield code="e">dir.</subfield>
  </datafield>
  <datafield tag="710" ind1="2" ind2=" ">
    <subfield code="a">Universidad de Zaragoza</subfield>
    <subfield code="b">Economía y Dirección de Empresas</subfield>
    <subfield code="c"></subfield>
  </datafield>
  <datafield tag="856" ind1="0" ind2=" ">
    <subfield code="f">775784@unizar.es</subfield>
  </datafield>
  <datafield tag="856" ind1="4" ind2=" ">
    <subfield code="s">716022</subfield>
    <subfield code="u">http://zaguan.unizar.es/record/118490/files/TAZ-TFG-2022-1955.pdf</subfield>
    <subfield code="y">Memoria (spa)</subfield>
  </datafield>
  <datafield tag="909" ind1="C" ind2="O">
    <subfield code="o">oai:zaguan.unizar.es:118490</subfield>
    <subfield code="p">driver</subfield>
    <subfield code="p">trabajos-fin-grado</subfield>
  </datafield>
  <datafield tag="950" ind1=" " ind2=" ">
    <subfield code="a"></subfield>
  </datafield>
  <datafield tag="980" ind1=" " ind2=" ">
    <subfield code="a">TAZ</subfield>
    <subfield code="b">TFG</subfield>
    <subfield code="c">ECON</subfield>
  </datafield>
  <datafield tag="999" ind1=" " ind2=" ">
    <subfield code="a">20220621144857.CREATION_DATE</subfield>
  </datafield>
  <datafield tag="951" ind1=" " ind2=" ">
    <subfield code="a">deposita:2022-09-16</subfield>
  </datafield>
</record>
</collection>